Výsada nedotknuteľnosti v digitálnej ére
Problematika e-imunity z hľadiska medzinárodného práva. Trend k elektronickému ukladaniu údajov. Povinnosť chrániť elektronickú komunikáciu. Koncept virtuálnej diplomatickej pošty. Zodpovednosť vlád zabezpečovať imunitu. Digitalizácia nastolila mnohé otázky.
Enregistré dans:
| Auteur principal: | |
|---|---|
| Autres auteurs: | |
| Format: | Chapitre de livre |
| Langue: | slovaque |
| Sujets: | |
| Tags: |
Pas de tags, Soyez le premier à ajouter un tag!
|
MARC
| LEADER | 00000naa a2200000 4500 | ||
|---|---|---|---|
| 001 | 0251012 | ||
| 005 | 20240502074027.1 | ||
| 041 | 0 | |a slo | |
| 044 | |a SK | ||
| 245 | 1 | 0 | |a Výsada nedotknuteľnosti v digitálnej ére |c Matej Kereš, Michal Klenka |
| 520 | |a Problematika e-imunity z hľadiska medzinárodného práva. Trend k elektronickému ukladaniu údajov. Povinnosť chrániť elektronickú komunikáciu. Koncept virtuálnej diplomatickej pošty. Zodpovednosť vlád zabezpečovať imunitu. Digitalizácia nastolila mnohé otázky. | ||
| 610 | 2 | 0 | |a digitalizácia |
| 610 | 2 | 0 | |a komunikácia elektronická |
| 610 | 2 | 0 | |a internet |
| 610 | 2 | 0 | |a diplomacia |
| 610 | 2 | 0 | |a právo medzinárodné |
| 610 | 2 | 0 | |a imunita |
| 100 | 1 | |a Kereš, Matej | |
| 700 | 1 | |a Klenka, Michal | |